Responses for show #8309 - Thursday, January 7, 2021

Originally slated to air 2020-12-24.

Contestants

[<< previous game]

Tracy Lee, a data scientist from Newark, California

Natalie Craig, a government analyst from Sacramento, California

Yoshie Hill, an executive assistant from Colma, California (whose 1-day cash winnings total $6,800)

[next game >>]

Jeopardy! Round responses

HOBBIES & CRAFTS
BODY LANGUAGE
SLOW TRANSPORTATION
LITERARY KINGS
QUEENS
JOCKS
    $200 29
beekeeping

Tracy
    $200 23
feet

Natalie
    $200 7
a stroller

Natalie
    $200 17
George R.R. Martin

Natalie
    $200 30
Portugal

Yoshie
    $200 18
gymnastics

Natalie
    $400 1
pottery

Natalie
    $400 10
finger

Natalie
    $400 8
a tank

Yoshie
    $400 6
Babar

Natalie
    $400 2
Cleopatra

Yoshie
    $400 19
the Angels

Natalie
    $600 28
(Natalie: What are watercolors?)

Paint by Numbers

YoshieNatalie
    $600 11
lip

Natalie
    $600 9
a tricycle

Natalie
    $600 14
fairies

Tracy
    $600 5
Victoria

Tracy
    $600 20
Danica Patrick

Natalie
    $800 27
scissors

Tracy
    $800 12
Hips

Natalie
    $800 24
(Natalie: What is track & field?)

Olympic walking

Natalie
Triple Stumper
    $2,200 15
Narnia

Tracy
    $800 3
Sweden

Yoshie
    $800 21
Giannis (Antetokounmpo)

Natalie
    $1000 26
hatha

Yoshie
    $1000 13
skin & teeth

Tracy
    $1000 25
ballooning

Yoshie
    $1000 16
(Alex: That's it; great film!)

"The Man Who Would Be King"

Yoshie
    $1000 4
Maria Theresa

Yoshie
    $1000 22
Bryson DeChambeau

Triple Stumper

Scores at the first commercial break (after clue 15):

Yoshie Natalie Tracy
$2,600 $3,400 $4,400

Scores at the end of the Jeopardy! Round:

Yoshie Natalie Tracy
$6,400 $4,400 $5,400

Double Jeopardy! Round responses

BLACK HERITAGE STAMPS
SCIENCE & MATH GROUPINGS
MYTHOLOGY
ABOVE & BEYOND
TELEVISION
GOOD AFTER NOUN
(Alex: Adjectives that come after the noun.)
    $400 30
(Alex: You picked the right one.)

Harriet Tubman

Yoshie
    $400 15
division

Natalie
    $400 6
a Cyclops

Yoshie
    $400 29
the Netherlands

Yoshie
    $400 7
Big Brother

Tracy
    $400 28
wild

Yoshie
    $800 19
(Thurgood) Marshall

Natalie
    $800 5
noble gases

Yoshie
    $800 1
Mt. Etna

Tracy
    $800 17
pale

Natalie
    $800 8
The Addams Family

Natalie
    $800 27
extraordinaire

Yoshie
    $1200 20
(Langston) Hughes

Natalie
    $1200 12
a lever

Yoshie
    $1200 2
Oedipus

Natalie
    $1200 16
(Yoshie: What is the [**]?)
(Alex: [**] or [*], we'll accept that.)

the Arctic Circle (the polar circle)

Yoshie
    $1200 9
Moe's (Tavern)

Tracy
    $1200 26
the heir apparent

Natalie
    $1600 21
Gregory Hines

Yoshie
    $1600 13
(Yoshie: What is cosine?)
(Natalie: What is tangent?)

a cotangent

YoshieNatalieTracy
    $1600 3
sleep

Tracy
    $1600 18
Saudi Arabia

Tracy
    $1600 10
Cris Collinsworth

Triple Stumper
    $3,000 25
incarnate

Yoshie
    $2000 22
Gwen Ifill

Triple Stumper
    $2000 14
quarks

Tracy
    $2000 4
Sleipnir

Tracy
    $4,600 23
(Yoshie: What is Korea?)

Vietnam

Yoshie
    $2000 11
Larry Hagman

Yoshie
    $2000 24
Rabbit Redux

Triple Stumper

Scores at the end of the Double Jeopardy! Round:

Yoshie Natalie Tracy
$12,400 $9,200 $16,600

[wagering suggestions for these scores]

Final Jeopardy! Round responses

MUSICALS
NatalieWhat is Hair?
$9,000
YoshieWhat is Hair?
$12,400
TracyWhat is South Paci
$8,201
Hair

Final scores:

Yoshie Natalie Tracy
$24,800 $18,200 $8,399
2-day champion: $31,600 2nd place: $2,000 3rd place: $1,000

Game dynamics:

Coryat scores:

Yoshie Natalie Tracy
$15,600 $9,200 $15,200
20 R
(including 1 DD),
2 W
(including 1 DD)
20 R,
3 W
14 R
(including 1 DD),
0 W

Combined Coryat: $40,000

The J! Archive is created by fans, for fans. The Jeopardy! game show and all elements thereof, including but not limited to copyright and trademark thereto, are the property of Jeopardy Productions, Inc. and are protected under law. This website is not affiliated with, sponsored by, or operated by Jeopardy Productions, Inc. Join the discussion at JBoard.tv.